00470nam a2200193 a 4500001001300000003000900013005001700022008004100039020001000080082001700090100001600107245002700123260003200150300000900182500003500191505001400226650002000240700001600260nice12345678IN_TiNIC20260116011431.0050524s1918 teha grp 000 0 per  ac10000a297.82bRAZ1 aRaza, Mirza aIntabaah Naam-I-Islami aTehranbRoshnai Pressc1918 a223p aincludes index and biblioraphy2 areference aShiah-Doctrines1 aRaza, Mirza